Dragon Ball Z. Season six /

Having at last achieved his Perfect Form, the evil Cell's powers have soared to terrible new heights, overshadowing even the greatest of the Z-Fighters. Eager to demonstrate these newfound abilities and prove superiority, Cell proposes a tournament.

Bibliographic Details
Uniform Title:Dragon Ball Z (Television program).
Corporate Authors: Tōei Animēshon Kabushiki Kaisha, Bird Studio, Shūeisha, FUNimation Productions, Ltd
Other Authors: Toriyama, Akira, 1955-, Cocanougher, Daniel, Watson, Barry (Barry J.)
Format: Video DVD
Language:Japanese
English
Language Notes:Japanes or dubbed English dialogue; English subtitles.
Subjects:

MARC

Tag First Indicator Second Indicator Subfields
LEADER 00000cgm a2200000Ia 4500
001 in00002518621
005 20191026063541.0
007 vd cvaizk
008 080910s2008 txu685 vajpn d
020 |a 1421014432 
020 |a 9781421014432 
024 1 |a 704400022487 
028 4 2 |a FN-02248  |b FUNimation Productions (set) 
028 4 2 |a DV-02248A  |b FUNimation Productions (Disc 1) 
028 4 2 |a DV-02248B  |b FUNimation Productions (Disc 2) 
028 4 2 |a DV-02248C  |b FUNimation Productions (Disc 3) 
028 4 2 |a DV-02248D  |b FUNimation Productions (Disc 4) 
028 4 2 |a DV-02248E  |b FUNimation Productions (Disc 5) 
028 4 2 |a DV-02248F  |b FUNimation Productions (Disc 6) 
035 |a (OCoLC)ocn247557788 
035 |a (OCoLC)247557788 
037 |b Midwest Tape  |n http://www.midwesttapes.com 
040 |a TEFMT  |c TEFMT  |d TEF  |d GL9  |d UtOrBLW 
041 1 |a jpn  |a eng  |j eng  |h jpn 
049 |a TXAM 
050 1 4 |a PN1992.77  |b .D73 2008 
082 0 4 |a 791.45/75  |2 22 
090 |a PN1992.77.D75  |b .D736 2008 
130 0 |a Dragon Ball Z (Television program).  |n Season 6. 
245 1 0 |a Dragon Ball Z.  |n Season six /  |c produced by Toei Animation, Bird Studio/Shueisha ; original author, Akira Toriyama. English version produced by FUNimation Productions ; producers, Daniel Cocanougher, Barry Watson. 
246 3 |a Dragon Ball Z.  |n Season 6 
246 3 |a DragonBall Z.  |n Season 6 
264 0 |a [Fort Worth, Tex.] :  |b FUNimation Productions,  |c [2008] 
300 |a 6 videodiscs (685 min.) :  |b sound, color ;  |c 4 3/4 in. 
336 |a two-dimensional moving image  |b tdi  |2 rdacontent 
337 |a video  |b v  |2 rdamedia 
338 |a videodisc  |b vd  |2 rdacarrier 
538 |a DVD; regions 1,2,4; widescreen; Dolby Digital 5.1 surround, Dolby Digital mono.; NTSC; remastered in High-Definition and digitally restored. 
546 |a Japanes or dubbed English dialogue; English subtitles. 
500 |a Title from container. 
500 |a Originally broadcast on Japanese television in 1989. 
500 |a Contains all 29 episodes from the sixth season. 
500 |a "Includes the complete Cell games saga." 
521 8 |a TV-PG. 
520 |a Having at last achieved his Perfect Form, the evil Cell's powers have soared to terrible new heights, overshadowing even the greatest of the Z-Fighters. Eager to demonstrate these newfound abilities and prove superiority, Cell proposes a tournament. 
505 0 0 |g Disc 1: Episodes 166-171.  |t What is the tournament? ;  |t The Doomsday Broadcast ;  |t Meet me in the ring ;  |t No worries here ;  |t A girl named Lime ;  |t Memories of Gohan --  |g Disc 2: Episodes 172-177.  |t A new guardian ;  |t Dende's dragon ;  |t The puzzle of General Tao ;  |t The games begin ;  |t Losers fight first ;  |t Goku vs. Cell --  |g Disc 3: Episodes 178-183.  |t Cell's bag of tricks ;  |t No more rules ;  |t The fight is over ;  |t Faith in a boy ;  |t Gohan's plea ;  |t Android explosion --  |g Disc 4: Episodes 184-188.  |t Cell Juniors attack! ;  |t Awakening ;  |t The unstoppable Gohan ;  |t Cell's break down ;  |t A hero's farewell --  |g Disc 5: Episodes 189-191.  |t Cell returns! ;  |t The horror won't end ;  |t Save the world --  |g Disc 6: Episodes 192-194.  |t Goku's decision ;  |t One more wish ;  |t Free the future. 
500 |a Videorecording. 
650 0 |a Martial artists  |v Drama. 
650 0 |a Good and evil  |v Drama. 
650 0 |a Friendship  |v Drama. 
655 7 |a Fantasy television programs.  |2 lcgft 
655 7 |a Science fiction television programs.  |2 lcgft 
655 7 |a Animated television programs.  |2 lcgft 
655 7 |a Television series.  |2 lcgft 
700 1 |a Toriyama, Akira,  |d 1955- 
700 1 |a Cocanougher, Daniel. 
700 1 |a Watson, Barry  |q (Barry J.) 
710 2 |a Tōei Animēshon Kabushiki Kaisha. 
710 2 |a Bird Studio. 
710 2 |a Shūeisha. 
710 2 |a FUNimation Productions, Ltd. 
994 |a C0  |b TXA 
948 |a cataloged  |b h  |c 2009/9/16  |d c  |e blrosas  |f 10:00:36 am 
999 |a MARS 
999 f f |s 8624a864-c909-3dbf-99e6-11efa79092c6  |i 91b1b39b-6a0f-376c-98e5-c5d64bdaf12f  |t 0 
952 f f |p dvd  |a Texas A&M University  |b College Station  |c Sterling C. Evans Library  |d Evans: Media and Reserves (Annex 1st floor)  |t 0  |e PN1992.77.D75 .D736 2008  |h Library of Congress classification  |i video -- videodisc  |m A14838896270 
998 f f |a PN1992.77.D75 .D736 2008  |t 0  |l Evans: Media and Reserves (Annex 1st floor)